Paryatan aru paribhraman byabosthapana (Record no. 9941)

MARC details
000 -LEADER
fixed length control field 00582cam a2200229ua 4500
001 - CONTROL NUMBER
control field 11046
005 - DATE AND TIME OF LATEST TRANSACTION
control field 20260515114712.0
008 - FIXED-LENGTH DATA ELEMENTS--GENERAL INFORMATION
fixed length control field 190806n ii |||gr||||Z||||||asm
020 ## - INTERNATIONAL STANDARD BOOK NUMBER
International Standard Book Number 9789385439179
040 ## - CATALOGING SOURCE
Transcribing agency MAIN
041 ## - LANGUAGE CODE
Language code of text/sound track or separate title asm
082 ## - DEWEY DECIMAL CLASSIFICATION NUMBER
Classification number 910
100 ## - MAIN ENTRY--PERSONAL NAME
Personal name Bhrigumoni Nath,
Relator term Author.
245 ## - TITLE STATEMENT
Title Paryatan aru paribhraman byabosthapana
Statement of responsibility, etc. By Bhrigumoni Nath
250 ## - EDITION STATEMENT
Edition statement 2nd rev. ed.
260 ## - PUBLICATION, DISTRIBUTION, ETC.
Place of publication, distribution, etc. Jorhat:
Name of publisher, distributor, etc. Bidya bhawan,
Date of publication, distribution, etc. 2017.
300 ## - PHYSICAL DESCRIPTION
Extent 239p.
653 ## - INDEX TERM--UNCONTROLLED
Uncontrolled term Geography & travel
653 ## - INDEX TERM--UNCONTROLLED
Uncontrolled term Tourism
700 ## - ADDED ENTRY--PERSONAL NAME
Personal name Dipamjyoti Buragohain,
Relator term Author.
942 ## - ADDED ENTRY ELEMENTS (KOHA)
Koha item type Books
Holdings
Withdrawn status Lost status Damaged status Not for loan Home library Current library Shelving location Date acquired Total checkouts Full call number Barcode Date last seen Date last checked out Copy number Price effective from Koha item type
        Naharkatiya College Library Naharkatiya College Library General stacks 09/19/2020 48 910Tourism | NAT 26341 05/25/2024 04/26/2024 1 09/19/2020 Books
        Naharkatiya College Library Naharkatiya College Library General stacks 09/19/2020 52 910Tourism | NAT 26342 05/25/2024 04/26/2024 2 09/19/2020 Books
        Naharkatiya College Library Naharkatiya College Library General stacks 09/19/2020   910Tourism | NAT 26343 09/19/2020   3 09/19/2020 Books
        Naharkatiya College Library Naharkatiya College Library General stacks 09/19/2020 54 910Tourism | NAT 26344 09/19/2024 08/31/2024 4 09/19/2020 Books